Power, strategy, and security (Record no. 82097)
[ view plain ]
| 000 -LEADER | |
|---|---|
| fixed length control field | 00585nam a2200133 a 4500 |
| 008 - FIXED-LENGTH DATA ELEMENTS--GENERAL INFORMATION | |
| fixed length control field | 120416s1971 xx |||||||||||||| || u |
| 050 ## - LIBRARY OF CONGRESS CALL NUMBER | |
| Classification number | U 20 Pow |
| 100 ## - MAIN ENTRY--PERSONAL NAME | |
| Personal name | Knorr, Klaus |
| 245 10 - TITLE STATEMENT | |
| Title | Power, strategy, and security |
| Statement of responsibility, etc. | edited by Klaus Knorr |
| 260 ## - PUBLICATION, DISTRIBUTION, ETC. | |
| Date of publication, distribution, etc. | 1971 |
| 350 ## - | |
| -- | 0.00 |
| 995 ## - | |
| -- | ANNEX COLLECTION (Main Library) |
| -- | 0.00 |
| -- | 017243 |
| -- | CBU-MAIN LIBRARY (Kitwe) |
| -- | 2 |
| -- | 55.00 |
| -- | U 20 Pow |
| -- | AVAILABLE |
| -- | 017243 |
| -- | Annex Low-Usage Collection |
| 995 ## - | |
| -- | ANNEX COLLECTION (Main Library) |
| -- | 0.00 |
| -- | 017244 |
| -- | CBU-MAIN LIBRARY (Kitwe) |
| -- | 1 |
| -- | 55.00 |
| -- | U 20 Pow |
| -- | AVAILABLE |
| -- | 017244 |
| -- | Annex Low-Usage Collection |
| 999 ## - | |
| -- | 82097 |
| -- | 82097 |
| Withdrawn status | Lost status | Source of classification or shelving scheme | Damaged status | Not for loan | Permanent Location | Current Location | Shelving location | Date acquired | Total Checkouts | Full call number | Barcode | Date last seen | Copy number | Price effective from | Koha item type |
|---|---|---|---|---|---|---|---|---|---|---|---|---|---|---|---|
| CBU-MAIN LIBRARY, KITWE. | CBU-MAIN LIBRARY, KITWE. | 09/12/2023 | U 20 Pow | 017243 | 09/12/2023 | 1 | 09/12/2023 | MONOGRAPH | |||||||
| CBU-MAIN LIBRARY, KITWE. | CBU-MAIN LIBRARY, KITWE. | 09/12/2023 | U 20 Pow | 017244 | 09/12/2023 | 2 | 09/12/2023 | MONOGRAPH |